| 000 | 00453nam a2200169Ia 4500 | ||
|---|---|---|---|
| 003 | LK-CoDNM | ||
| 008 | 010623t2009 xxu||||| |||| 00| 1 sin d | ||
| 040 |
_aLK-CoDNM _dLK-CoDNM _eLK-CoDNM |
||
| 041 | _asin | ||
| 080 | _aX 398.8 SEN | ||
| 100 | _aSenasingha,Thilak | ||
| 245 | _aමනරංජන මිත්යා කථා | ||
| 246 | _aManaranjana Mitya Katha | ||
| 260 |
_bSarasavi _aNugegoda _c2009 |
||
| 300 | _b164p, 21 cm | ||
| 942 | _cBK | ||
| 999 |
_c128974 _d128974 |
||